00525nam a22001692 4500001001100000005001700011008004100028040001500069100003300084245007100117250001300188260004200201300001700243600004400260650004800304852000300352000000970620151217152058.0081119s xx 000 0 eng d aKABUcKABU1 aMeltzer, Milton.@000016145310aThaddeus Stevens and the fight for negro rights /cMilton Meltzer. a1st ed. aNew York :bThomas Y. Crowell,c1967. axii, 231 p.10aSteven, Thaddeus 1792-1868.@0000161454 0aAfrican AmericanxCivil rights.@00001614551